Las Mujeres queremos poder /

Enregistré dans:
Détails bibliographiques
Auteur principal: Lagarde, Marcela
Format: Texte
Tags: Ajouter un tag
Pas de tags, Soyez le premier à ajouter un tag!

MARC

LEADER 00000 a a2200000 04500
001 7146
003
040
100 |a Lagarde, Marcela  
245 |a Las Mujeres queremos poder /  |c Marcela Lagarde 
773 |g volumen 20, número 228; páginas 44-52  
999 |c 22538  |d 22538